000 00363nam a22001337a 4500
082 _a808.06634
_bWYD
100 _aWydick, Richard, C.
245 _aPlain English for Lawyers /
_cRichard, C. Wydick & Amy E. Sloan
250 _a6th Edition.
260 _aDhrham:
_bCarlina Academic Press,
_c2019.
300 _a175 p.
563 _aHB.
942 _2ddc
_cBK
999 _c614076
_d614076